000 00953nam a22002415i 4500
001 156437
003 ES-MaACL
005 20230906210416.0
008 991030s1706 fr |||| | fre d
040 _aCAV
_bspa
_cCAV
_dAN
100 0 _aJosefo, Flavio.
_966979
245 1 0 _aHistoire des juifs /
_cécrite par Flavius Joseph, sous le Titre de Antiquitez Judaiques ; traduite sur l'original grec ... par Monsieur Arnauld D'Andilly ; tome premier.
250 _aNouvelle edition.
260 _aA Paris :
_bchez Louis Roulland ...,
_c1706.
300 _a[2] en bl., [22], 500, [16] p., [3] h. en bl. ;
_c12º.
597 _aSign.: 4ã10, A-X12, Y12.
597 _aPort. con viñeta xil.
597 _aAntep.
650 4 _aJudíos-
_xHistoria-
_yHasta 70 d.C.
_913997
700 1 _aArnaud d'Andilly, Robert (
_d1588-1674)
_9125710
852 _aES-MaACL
_jR-584-88
_z-- Enc. piel original de la época
_x Olim: D-3953-7
999 _c156437
_d156437